| 000 | 00943nas a2200325 4500 | ||
|---|---|---|---|
| 001 | BR0300265 | ||
| 003 | BR-BrBNA | ||
| 005 | 20231205103525.0 | ||
| 007 | ta | ||
| 008 | 230509b bl.|||p| |||| 00| 00por d | ||
| 040 |
_aBR-BrBNA _bpor _cBiblioteca Nacional de Agricultura |
||
| 041 | _a(Pt) | ||
| 072 | _aL01 | ||
| 100 | 1 | _aRodrigues, V.C. | |
| 100 | 1 | _aAndrade, I.F. de | |
| 100 | 1 | _aGonçalves, F. de M. | |
| 100 | 1 | _aSousa, J.C.D. de | |
| 100 | 1 | _aNéto, A.I. | |
| 100 | 1 | _aRezende, C.A.P. de | |
| 100 | 1 | _aPaiva, P.C. de A. | |
| 100 | 1 | _aRodrigues, V. do N. | |
| 245 | 1 | _aDesempenho comparativo de bubalinos e bovinos em confinamentoa | |
| 650 | _aBÚFALO | ||
| 650 | _aBOVINO | ||
| 650 | _aCONFINAMENTO | ||
| 650 | _aPERFORMANCE | ||
| 773 | 0 |
_tCiência e Agrotecnologia (Brazil) _xISSN 1413-7054 _g(Mar-Apr 2001), v. 25(2) p. 396-407 _wBR0300265 |
|
| 909 |
_a202311 _bLúcia _c55 _dLúcia Elande |
||
| 942 |
_2AGRIS _n0 _cANA |
||
| 999 |
_c173328 _d173328 |
||